| 000 | 01019nam a2200301 i 4500 | ||
|---|---|---|---|
| 003 | EG-GICUC | ||
| 005 | 20260422070535.0 | ||
| 008 | 260422r1984 ne ||||fr|||| 000 0 eng d | ||
| 017 | _a1984/2664/65 | ||
| 020 | _a9065441840 | ||
| 040 |
_aEG-GiCUC _beng _cEG-GiCUC _dEG-GiCUC _erda |
||
| 082 | 0 | 4 |
_221 _a341.79 _bBO . A |
| 092 | 0 | 4 | _221 |
| 099 | _aLaw1 11 341.79 BO . A 1984 | ||
| 100 | 1 |
_aBöckstiegel,Karl-Heinz _eAuthor. |
|
| 245 | 1 | 0 |
_aArbitration And State Enterprises: _bA Survey On The National And International State Of Law And Practice/ _cKarl-Heinz Böckstiegel. |
| 264 | 0 | 1 |
_aNetherlands: _bKluwer Law And Taxation Publishers, _c1984. |
| 300 |
_a113 Pages; _c24 cm. |
||
| 336 |
_2rda content _atext |
||
| 337 |
_2rda media _aComputer |
||
| 338 |
_2rda carrier _aOnline Resource |
||
| 546 | _aText in English | ||
| 650 | 1 | _aPublic International Law | |
| 650 | 1 | _aInternational Trade Law | |
| 856 | 4 | 0 | _uhttps://fll.law.cu.edu.eg/fulltext/bks/B11-09736.pdf |
| 905 | _a59 | ||
| 942 |
_2ddc _cBK _e21 _n0 |
||
| 999 |
_c72759 _d72759 |
||